| 000 | 01158njm a2200337 c 4500 | ||
|---|---|---|---|
| 003 | BLK | ||
| 005 | 20180422121305.0 | ||
| 008 | 180410b bul||n||s|||||||| n|bulo| | ||
| 010 | _aCDD00000510000 | ||
| 040 | _aBLK | ||
| 041 |
_aENG _cENG |
||
| 080 |
_aСалонни и танцови оркестри. Естраден оркестър. Джаз. Рок _b785.161 _x _z785.161 |
||
| 100 | 1 |
_aRuckert, Thomas _eпърви автор _9353677 |
|
| 700 | 1 |
_aRuckert, Thomas _eпиано _9387554 |
|
| 700 | 1 |
_aPenman, Matt _eконтрабас _9353678 |
|
| 700 | 1 |
_aRuckert, Jochen _eударни инстр. _9353679 |
|
| 139 |
_aRuckert, Thomas _bR 88 |
||
| 245 | 1 | 0 |
_aDust Of Doubt [CD аудио] _cThomas Ruckert; пиано Thomas Ruckert; контрабас Matt Penman; ударни инстр. Jochen Ruckert. |
| 257 | _aDEU | ||
| 260 |
_аMunich _bPirouet _c2004 |
||
| 300 |
_c12 cm. _fбр. в к-т _g1 CD |
||
| 306 | _a55мин. 19сек. | ||
| 380 | _a7 | ||
| 650 | 4 |
_aДжаз _9153283 |
|
| 653 | _aджаз | ||
| 852 |
_aЦб CD 1960 _p0 |
||
| 856 | 4 |
_qpdf _u |
|
| 856 | 4 |
_qpdf _u |
|
| 942 |
_cCDD _n0 |
||
| 944 |
_aCR _c27.10.2008 _kТеодора_Стоянова |
||
| 944 |
_aED _c02.10.2013 _k |
||
| 999 |
_c216601 _d216601 |
||